000 01353nam a2200217Ia 4500
003 Ost
005 20260507075704.0
008 260507s9999||||xx |||||||||||||| ||und||
020 _a9789947600245
040 _cfsecg
041 _aara
082 _a338.9
100 _aالموسوي، ضياء مجيد
_eمؤلف
245 0 _aالتنمية الاقتصادية في التثبيت والاصلاح والتكييف الاقتصادي /
_c ضياء مجيد الموسوي
260 _aالجزائر :
_bكنوز الحكمة,
_c2015
300 _a167 صفحة؛
_bإيضاحات ؛
_c24 سم
520 _aاحتوى هذا الكتاب على سبعة فصول تناولت إصلاح السياسات الاقتصادية وسياسة استهداف التضخم، وضبط الوضاع المالية، كما بيّن دور صندوق النقد الدولي والإصلاحات الهيكلية في الاقتصاد، ودور التجارة الخارجية في التكييف الهيكلي وتجارب بعض الحكومات في التثبيت والتكييف والإصلاح والاقتصاد الهيكلي، وأخيرا تناول التعديل الهيكلي للاقتصاد الجزائري.
653 _aالتجارة الخارجية
653 _aالتنمية الاقتصادية
942 _cكتاب
999 _c45862
_d45862